000 00745nam a2200217Ia 4500
003 GCL
008 140319s9999 xx 000 0 ara d
040 _aGCL /
_cGCL
082 0 4 _a811.5
_bس ح
100 1 _aسليمان العطار
245 1 0 _aالحداثة العباسية فى قرطبة: دراسة فى نشأة الموشحات الاندلسية /
_cسليمان العطار
260 _aالقاهرة :
_bدار الثقافة للنشر والتوزيع
300 _a362 ص ؛
_c25 سم
490 _a
650 0 4 _aالادب العربى
650 0 4 _aالشعر الغنائى
650 0 4 _aالموشحات
650 0 4 _aالموشحات الاندلسية
650 0 4 _aتاريخ ونقد
942 _2ddc
_cBK
999 _c30354
_d30354